|
|
|
|
| LEADER |
00000nam0a2200000 4500 |
| 001 |
37613 |
| 005 |
20231031004235.0 |
| 010 |
|
|
|a 5287000014
|
| 010 |
|
|
|a 5-271-01100-3
|
| 010 |
|
|
|a 5-17-004167-5
|
| 035 |
|
|
|a (RuTPU)RU\TPU\book\38203
|
| 090 |
|
|
|a 37613
|
| 100 |
|
|
|a 20020128d2000 m y0rusy50 ca
|
| 101 |
0 |
|
|a rus
|
| 102 |
|
|
|a RU
|
| 105 |
|
|
|a a z 001zy
|
| 200 |
1 |
|
|a Сумерки Дао
|d Культура Китая на пороге Нового времени
|f В. В. Малявин
|
| 210 |
|
|
|a Москва
|c Дизайн. Информация. Картография
|c Астрель
|c АСТ
|d 2000
|
| 215 |
|
|
|a 439 с.
|c ил.
|
| 320 |
|
|
|a Предм. указ.: с. 426-429.
|
| 610 |
1 |
|
|a культура
|
| 610 |
1 |
|
|a история
|
| 610 |
1 |
|
|a Китай
|
| 610 |
1 |
|
|a быт
|
| 610 |
1 |
|
|a 17 век
|
| 610 |
1 |
|
|a живопись
|
| 610 |
1 |
|
|a архитектура
|
| 610 |
1 |
|
|a театр
|
| 610 |
1 |
|
|a скульптура
|
| 686 |
|
|
|a Ч113(5Кит)
|v LBC/SL-A
|2 rubbk
|
| 700 |
|
1 |
|a Малявин
|b В. В.
|g Владимир Вячеславович
|
| 801 |
|
1 |
|a RU
|b 63413507
|c 20020128
|g PSBO
|
| 801 |
|
2 |
|a RU
|b 63413507
|c 20130114
|g PSBO
|
| 942 |
|
|
|c BK
|